01045nam a22002897a 45000010005000000030006000050050017000110080041000280200017000690400029000860500014001150820008001291000020001372450146001572500034003032600044003373000050003814900025004315050008004565200122004645210021005865210020006076500033006277000035006607000030006957000030007259941FISKH20260318144238.0260318b cb ||||| |||| 00| 0 eng d a079808822527 aFISKHbengcFISKHdFISKH aQK49 .B93 a581 aBurnie , David  aPlant :bDiscover the world of plants in close-up-their structure , natural history , and importance in human life /cWritten by David Burnie aFirst American edition , 1989 aNew York : bAlfred A. Knope , c1989 . a63 pages : bcolor illustrations ; c28 cm .  aDK Eyewitness Guides aZ  aA photo essay introduces the world of plants, including the germination of seeds, plant defenses, and uses of plants.8 a1000 bLexile 8 aZ bRaz-Plus  aPlantsvJuvenile Literature  aMcRobb , Andrew eIllustrator  aShone, KarleIllustrator  aKing , DaveeIllustrator